Trayectoria de Goethe

保存先:
書誌詳細
第一著者: Reyes, Alfonso
フォーマット: 図書
言語:Undetermined
出版事項: México, Distrito Federal Fondo de Cultura Económica 1989
主題:
タグ: タグ追加
タグなし, このレコードへの初めてのタグを付けませんか!

MARC

LEADER 00000nam a2200000Ia 4500
008 170316s9999 xx 000 0 und d
040 |a cru BVZT 
090 |a 830 R-1.1t 
100 |a Reyes, Alfonso 
245 |a Trayectoria de Goethe 
260 |a México, Distrito Federal 
260 |b Fondo de Cultura Económica 
260 |c 1989 
300 |a 176 páginas 
650 |a LITERATURA ALEMANA 
999 |c 7415  |d 7415 
942 |c 15 D  |h 830 R-1.1t  |2 z